[Event "IECC O email"]
[Site "IECC email"]
[Date "2000.05.02"]
[Round "?"]
[White "Mack, Bryan Kevin"]
[Black "Lin, Chau Jen"]
[Result "1/2-1/2"]
[WhiteElo "1500"]
[BlackElo "1388"]
[PlyCount "59"]
[EventDate "2000.??.??"]
[EventType "tourn (corr)"]
[EventRounds "6"]
[SourceTitle "Corr 2008"]
[Source "ChessBase"]
[SourceDate "2008.06.24"]
[SourceVersion "1"]
[SourceVersionDate "2008.06.24"]
[SourceQuality "1"]

1. e4 c5 2. Nf3 d6 3. d4 cxd4 4. Nxd4 Nf6 5. Nc3 g6 6. Be3 Bg7 7. f3 0-0 8. Qd2 Nc6 9. Bc4 Bd7 10. 0-0-0 Qa5 11. Bb3 Rfc8 12. Kb1 Ne5 13. h4 Nc4 14. Bxc4 Rxc4 15. Nb3 Qa6 16. e5 dxe5 17. Nc5 Qd6 18. Qe2 Rd4 19. Bxd4 exd4 20. Nxd7 Nxd7 21. Nb5 Qc5 22. Nxd4 Bxd4 23. c3 Bxc3 24. Rxd7 Qf5+ 25. Qd3 Qxd3+ 26. Rxd3 Bb4 27. h5 Bd6 28. hxg6 hxg6 29. a3 Rc8 30. b4 1/2-1/2